| 000 | 004380000a22001690004500 | ||
|---|---|---|---|
| 005 | 20120302052210.0 | ||
| 942 | _cBOOK | ||
| 100 | _a Kincaid, Dennis | ||
| 245 | _a Grand rebel: An impression of Shivaji founder of the Maratha empire | ||
| 260 |
_aCollins: _bForty-Eight Pall Mall, _c1937 |
||
| 300 | _a329p | ||
| 040 | _aENG | ||
| 365 | _bRs.7.00 | ||
| 650 | _aGrand Rebel | ||
| 650 | _aShivaji-Maratha Empire | ||
| 650 | _aChieftain | ||
| 999 |
_c339448 _d339445 |
||